Adivinhe a bandeira com zoom - Statistics

Estatísticas Gerais
  • Esse quiz foi jogado 168 vezes
  • A pontuação média é 10 de 12
Estatísticas das Respostas
Imagem Resposta % Correto
Brasil
100%
Estados Unidos
96%
Coreia do Norte
89%
Vaticano
88%
Hungria
84%
San Marino
84%
Kosovo
83%
Guatemala
82%
Papua Nova Guiné
81%
Afeganistão
75%
Bósnia e Herzegovina
73%
Lesoto
69%
Nenhum quiz correspondente encontrado
Distribuição das Pontuações
Porcentagem de Pessoas com Cada Pontuação
Percentil de Números Respondidos
Sua Pontuação Histórica
Você não jogou esse quiz